La ley saenz peña... (monografia) /

Guardado en:
Formato: Libro
Publicado: : , 1982
Materias:
Fc
Etiquetas: Agregar Etiqueta
Sin Etiquetas, Sea el primero en etiquetar este registro!
LEADER 00427nam a22001695a 4500
001 CEM.cems007787
005 20060214000000.0
008 130507s1982##################000#0#####d
003 CEMS
082 0 4 |a F340 
245 0 0 |a La ley saenz peña... (monografia) / 
260 |a  :  |b ,  |c 1982 
653 |a Derecho electoral 
653 |a Fc 
653 |a Ley 19862 
653 |a Ley 8871 
859 |a CEMS  |b BIB. CEMS - 11 de abril  |h F340  |i 3  |p 239.44  |t Ej.1